[Event "XVIII Festival A"]
[Site "Robecchetto con Induno ITA"]
[Date "2007.12.28"]
[Round "3"]
[White "Colombo, Sandro"]
[Black "Brunetti, Alessandro"]
[Result "0-1"]
[WhiteElo "1868"]
[BlackElo "2002"]
[PlyCount "78"]
[EventDate "2007.12.27"]

1. c4 c6 2. Nf3 d5 3. e3 e6 4. b3 Nf6 5. Bb2 Nbd7 6. Be2 Bd6 7. O-O O-O 8. Qc2
Re8 9. Nc3 b6 10. Rfe1 dxc4 11. Bxc4 c5 12. Ne4 Be7 13. Bd3 Nf8 14. Nfg5 h6 15.
Nxf6+ Bxf6 16. Bh7+ Nxh7 17. Qxh7+ Kf8 18. Bxf6 Qxf6 19. Qe4 Qxg5 20. Qxa8 e5
21. Qf3 e4 22. Qg3 Qd5 23. f3 Qxd2 24. fxe4 Bb7 25. Rf1 Bxe4 26. Rf2 Qd5 27.
Raf1 f6 28. Qc7 Re7 29. Qb8+ Kf7 30. Qh8 Qg5 31. Qd8 h5 32. Qd6 Bb7 33. Qf4 Qd5
34. Qg3 Re5 35. Qh3 Rg5 36. Rf3 Bc6 37. Rg3 Re5 38. Rgf3 Bb5 39. Rf5 Bxf1 0-1

[Event "XVIII Festival A"]
[Site "Robecchetto con Induno ITA"]
[Date "2007.12.28"]
[Round "3"]
[White "Corti, Corrado"]
[Black "Garbarini, Cristiano"]
[Result "1-0"]
[WhiteElo "2038"]
[BlackElo "1817"]
[PlyCount "51"]
[EventDate "2007.12.27"]

1. d4 Nf6 2. g3 g6 3. Bg2 Bg7 4. e4 d6 5. Ne2 O-O 6. O-O e5 7. d5 Nbd7 8. c4
Nc5 9. b4 Na6 10. a3 Ne8 11. Ra2 f5 12. f4 c5 13. dxc6 bxc6 14. Kh1 Qc7 15.
Nbc3 Rb8 16. fxe5 Bxe5 17. Bh6 Bg7 18. Bxg7 Nxg7 19. Rd2 Ne8 20. exf5 Rxf5 21.
Rxf5 Bxf5 22. Nd4 Bd7 23. Qf3 c5 24. Rf2 Ng7 25. Qf7+ Kh8 26. Qf8+ 1-0

[Event "XVIII Festival A"]
[Site "Robecchetto con Induno ITA"]
[Date "2007.12.28"]
[Round "3"]
[White "D'Apa, Matteo"]
[Black "Pepa, Syrja"]
[Result "1-0"]
[WhiteElo "2085"]
[BlackElo "1828"]
[PlyCount "89"]
[EventDate "2007.12.27"]

1. d4 d5 2. c4 e6 3. Nf3 Nf6 4. Nc3 Be7 5. Bg5 h6 6. Bh4 Nbd7 7. e3 b6 8. Bd3
Bb7 9. O-O O-O 10. Rc1 a6 11. b3 Rc8 12. Bb1 c5 13. cxd5 Nxd5 14. Bxe7 Nxe7 15.
e4 cxd4 16. Nxd4 e5 17. Nf3 Ng6 18. Qe2 Nf6 19. Rfd1 Qe7 20. Nd2 b5 21. Nf1 Nf4
22. Qf3 Qb4 23. Nd5 N4xd5 24. Rxc8 Rxc8 25. exd5 e4 26. Qf5 Rd8 27. Ne3 Bc8 28.
Qe5 Qd6 29. Qxd6 Rxd6 30. Rd4 Bb7 31. Bxe4 Nxe4 32. Rxe4 Rd7 33. Rd4 Kf8 34.
Kf1 Ke7 35. Ke2 Kd6 36. Kd3 g6 37. g4 Rc7 38. h4 Rc1 39. h5 Ra1 40. hxg6 fxg6
41. f4 Rxa2 42. f5 gxf5 43. Nxf5+ Ke5 44. d6 Bc6 45. d7 1-0

[Event "XVIII Festival A"]
[Site "Robecchetto con Induno ITA"]
[Date "2007.12.28"]
[Round "3"]
[White "D'Apa, Stefano"]
[Black "Cardani, Roberto"]
[Result "1-0"]
[WhiteElo "2140"]
[BlackElo "1923"]
[PlyCount "105"]
[EventDate "2007.12.27"]

1. e4 c5 2. Nf3 d6 3. g3 Nc6 4. Bg2 g6 5. Nc3 Bg7 6. d3 e5 7. Be3 Nge7 8. Qd2
Nd4 9. h3 Rb8 10. Ne2 h6 11. c3 Nxe2 12. Qxe2 Be6 13. O-O O-O 14. d4 Qc8 15.
dxe5 dxe5 16. Kh2 Qc7 17. Rfd1 Rbd8 18. b3 b6 19. Ne1 f5 20. Rxd8 Rxd8 21. Rd1
Rxd1 22. Qxd1 f4 23. Bc1 g5 24. Bf1 c4 25. Ba3 cxb3 26. axb3 Ng6 27. Qc2 fxg3+
28. fxg3 Qf7 29. Bc4 Bxc4 30. bxc4 Qxc4 31. Ng2 Bf8 32. Ne3 Qe6 33. Bxf8 Nxf8
34. Qa4 Qd7 35. Qa2+ Qf7 36. Nd5 Kg7 37. Kg2 Ne6 38. Qe2 Nc5 39. c4 Ne6 40. Qg4
Nd4 41. h4 Qe6 42. Qh5 Qg6 43. Qg4 gxh4 44. Qxh4 Qg5 45. Qh1 Qg4 46. Qe1 Ne2
47. Qf2 Qxe4+ 48. Kh2 Nf4 49. gxf4 exf4 50. Qb2+ Kf7 51. Qf6+ Ke8 52. Qc6+ Kf7
53. Qb7+ 1-0

[Event "XVIII Festival A"]
[Site "Robecchetto con Induno ITA"]
[Date "2007.12.28"]
[Round "3"]
[White "Damia, Angelo"]
[Black "Astengo, Marcello"]
[Result "1-0"]
[WhiteElo "2266"]
[BlackElo "2024"]
[PlyCount "41"]
[EventDate "2007.12.27"]

1. e4 e6 2. d4 d5 3. Nc3 Nf6 4. Bg5 Bb4 5. exd5 Qxd5 6. Bxf6 gxf6 7. Nge2 Qg5
8. Qd3 Bd7 9. f4 Qh6 10. O-O-O Na6 11. g3 Bc6 12. d5 O-O-O 13. Bg2 exd5 14. Nd4
Bd7 15. Nxd5 Bc5 16. Nf5 Qh5 17. g4 Qxg4 18. Bh3 Qh5 19. Nxf6 Qg6 20. Nxd7 Nb8
21. Ne7+ 1-0

[Event "XVIII Festival A"]
[Site "Robecchetto con Induno ITA"]
[Date "2007.12.28"]
[Round "3"]
[White "Di Chiara, Mauro"]
[Black "Barlocco, Carlo"]
[Result "0-1"]
[WhiteElo "1747"]
[BlackElo "2134"]
[PlyCount "90"]
[EventDate "2007.12.27"]

1. d4 g6 2. g3 Bg7 3. Bg2 d6 4. e4 Nc6 5. Ne2 Bg4 6. Be3 e5 7. f3 Bd7 8. d5
Nce7 9. c4 f5 10. Nbc3 Nf6 11. O-O O-O 12. c5 fxe4 13. cxd6 cxd6 14. fxe4 Ng4
15. Qd2 Nxe3 16. Rxf8+ Bxf8 17. Qxe3 Kh8 18. Rf1 Ng8 19. Nd1 Bh6 20. Qb3 Qb6+
21. Qxb6 axb6 22. Nec3 Kg7 23. Bf3 Rc8 24. Kg2 Nf6 25. h3 Bc1 26. Rf2 h5 27.
Be2 Bxb2 28. Nxb2 Rxc3 29. Bd3 Ra3 30. Rc2 Rxa2 31. Nc4 Rxc2+ 32. Bxc2 Ne8 33.
Nxb6 Bb5 34. Kf2 Kf6 35. Ke3 Bf1 36. Ba4 Nc7 37. Bd7 Ke7 38. h4 Na8 39. Nxa8
Kxd7 40. Nb6+ Kc7 41. Na4 b5 42. Nb2 Kb6 43. Kd2 Kc5 44. Nd1 Kd4 45. Nc3 Bc4
0-1

[Event "XVIII Festival A"]
[Site "Robecchetto con Induno ITA"]
[Date "2007.12.28"]
[Round "3"]
[White "Madaschi, Sergio"]
[Black "Battistella, Gianmaria"]
[Result "1-0"]
[WhiteElo "1632"]
[BlackElo "1739"]
[PlyCount "61"]
[EventDate "2007.12.27"]

1. e4 e6 2. d4 d5 3. Nd2 dxe4 4. Nxe4 Bd7 5. Nf3 Bc6 6. Bd3 Nd7 7. O-O Ngf6 8.
Re1 Nxe4 9. Bxe4 Bxe4 10. Rxe4 Nf6 11. Re1 Be7 12. Bd2 O-O 13. c3 Re8 14. Qb3
b6 15. Rad1 c6 16. h3 Qc7 17. Bg5 c5 18. dxc5 Qxc5 19. Be3 Qc7 20. Bd4 Rad8 21.
Be5 Qb7 22. Qc2 Rxd1 23. Rxd1 Rd8 24. Rxd8+ Bxd8 25. Qd2 Qd7 26. Bd4 Be7 27.
Qf4 Bd6 28. Qg5 h6 29. Qh4 Qa4 30. g3 Be7 31. Bxf6 1-0

[Event "XVIII Festival A"]
[Site "Robecchetto con Induno ITA"]
[Date "2007.12.28"]
[Round "3"]
[White "Marinescu, Marian"]
[Black "La Torre, Giovanni"]
[Result "1-0"]
[WhiteElo "2129"]
[BlackElo "2070"]
[PlyCount "111"]
[EventDate "2007.12.27"]

1. e4 d6 2. Nf3 Bg4 3. h3 Bh5 4. d3 e5 5. Nbd2 Be7 6. c3 Nf6 7. Qb3 Nbd7 8.
Qxb7 O-O 9. Qb3 d5 10. Be2 Nc5 11. Qc2 dxe4 12. dxe4 Bg6 13. Nxe5 Bxe4 14. Nxe4
Nfxe4 15. Nc6 Qd6 16. Nxe7+ Qxe7 17. O-O f5 18. Bc4+ Kh8 19. b4 Nd7 20. Bd5
Rad8 21. Bxe4 fxe4 22. Be3 a6 23. Rfe1 Rde8 24. Bd4 c5 25. bxc5 Nxc5 26. f3 Rf4
27. Qd2 Rh4 28. Rad1 Nd3 29. Rxe4 Rxe4 30. fxe4 Ne5 31. Qe2 h6 32. Qxa6 Qg5 33.
Qe2 Ng6 34. Re1 Rb8 35. Rf1 Nf4 36. Qg4 Qxg4 37. hxg4 Ne6 38. Rf2 Kg8 39. Kh2
Rd8 40. Rd2 Kf7 41. Kg3 Ng5 42. Kf4 g6 43. Ke3 Re8 44. Rf2+ Kg8 45. e5 Rb8 46.
a4 Ra8 47. Ra2 Ra5 48. c4 Kf7 49. Bc3 Rc5 50. Kd3 Rc6 51. a5 Ne6 52. Rf2+ Ke7
53. Bd4 Rc8 54. Bb6 Nc5+ 55. Bxc5+ Rxc5 56. Ra2 1-0

[Event "XVIII Festival A"]
[Site "Robecchetto con Induno ITA"]
[Date "2007.12.28"]
[Round "3"]
[White "Marinone, Lucio"]
[Black "Bianchi, Alberto"]
[Result "1/2-1/2"]
[WhiteElo "2015"]
[BlackElo "2014"]
[PlyCount "70"]
[EventDate "2007.12.27"]

1. d4 d5 2. Nf3 e6 3. c4 Be7 4. Nc3 Nf6 5. Bg5 O-O 6. e3 Nbd7 7. Rc1 c6 8. Bd3
dxc4 9. Bxc4 Nd5 10. Bxe7 Qxe7 11. O-O Nxc3 12. Rxc3 b5 13. Bd3 Bb7 14. Qb1 f5
15. Re1 Qd6 16. e4 g6 17. Qd1 a6 18. Qe2 c5 19. e5 Bxf3 20. exd6 Bxe2 21. Rxe2
c4 22. Bc2 Kf7 23. b3 Rac8 24. bxc4 bxc4 25. Rce3 Rfe8 26. Ba4 c3 27. Rc2 Red8
28. Rexc3 Rxc3 29. Rxc3 Nb6 30. Rc7+ Kf6 31. Bb3 Rxd6 32. Rxh7 Rxd4 33. Ra7 Nd7
34. Kf1 Nc5 35. Ke2 Nxb3 1/2-1/2

[Event "XVIII Festival A"]
[Site "Robecchetto con Induno ITA"]
[Date "2007.12.28"]
[Round "3"]
[White "Raineri, Pieroberto"]
[Black "Romano, Zeno"]
[Result "1-0"]
[WhiteElo "1614"]
[BlackElo "1931"]
[PlyCount "47"]
[EventDate "2007.12.27"]

1. d4 d5 2. Nf3 Nf6 3. c4 e6 4. cxd5 exd5 5. Nc3 Be7 6. Bg5 O-O 7. e3 c6 8. Bd3
Nbd7 9. O-O Re8 10. Qc2 Nf8 11. Rab1 Ne4 12. Bxe7 Qxe7 13. b4 Nxc3 14. Qxc3 Be6
15. Rfc1 Rec8 16. Qc5 Qd8 17. Qa5 Qb6 18. Qc5 Nd7 19. Qc2 h6 20. a3 Qd8 21. Rb3
Nb6 22. Ne5 f6 23. Bh7+ Kf8 24. Qc5+ 1-0

[Event "XVIII Festival A"]
[Site "Robecchetto con Induno ITA"]
[Date "2007.12.28"]
[Round "3"]
[White "Ronconi, Fausto"]
[Black "Albrizio, Mauro"]
[Result "1-0"]
[WhiteElo "1720"]
[BlackElo "1692"]
[PlyCount "91"]
[EventDate "2007.12.27"]

1. c4 e6 2. Nf3 Nf6 3. g3 d5 4. b3 c6 5. Bb2 Nbd7 6. Bg2 Be7 7. O-O O-O 8. d3
Qc7 9. Nbd2 Re8 10. Rc1 Bd6 11. Nd4 Qa5 12. a3 Be5 13. N2f3 Bd6 14. b4 Qd8 15.
cxd5 exd5 16. Nf5 Bc7 17. Qd2 Ne5 18. Qg5 Bxf5 19. Qxf5 Ng6 20. e3 Qe7 21. Bxf6
gxf6 22. Nd4 Be5 23. Qg4 Bxd4 24. Qxd4 Qe5 25. Qc5 Re7 26. Qc3 Rae8 27. a4 Qxc3
28. Rxc3 Ne5 29. b5 Kg7 30. bxc6 bxc6 31. Rfc1 f5 32. d4 Nc4 33. Bf1 Nd2 34.
Rxc6 Nxf1 35. Kxf1 Rd8 36. Rc7 Kf6 37. R1c6+ Re6 38. Rxe6+ Kxe6 39. Rxa7 Rb8
40. a5 Rb1+ 41. Kg2 h5 42. h4 Ra1 43. a6 Ra5 44. Ra8 Kf6 45. a7 Kg7 46. Kf3 1-0

[Event "XVIII Festival A"]
[Site "Robecchetto con Induno ITA"]
[Date "2007.12.28"]
[Round "3"]
[White "Virzi, Ettore"]
[Black "Primerano, Carlo"]
[Result "0-1"]
[WhiteElo "1956"]
[BlackElo "1761"]
[PlyCount "116"]
[EventDate "2007.12.27"]

1. e4 d5 2. exd5 Qxd5 3. Nc3 Qa5 4. d4 Nf6 5. Bd2 c6 6. Bd3 e6 7. Nf3 Nbd7 8.
O-O Bb4 9. Re1 O-O 10. Qe2 Re8 11. Ne5 Qc7 12. Nb5 cxb5 13. Bxb4 a6 14. Qf3 Nf8
15. Bd2 Bd7 16. Bg5 Bc6 17. Nxc6 Qxc6 18. Qg3 Ng6 19. Bxf6 gxf6 20. h4 Kh8 21.
Be4 Qb6 22. Rad1 Rad8 23. Qf3 f5 24. Bxb7 Nxh4 25. Qc6 Qxc6 26. Bxc6 Rg8 27. g3
Rc8 28. Bg2 Nxg2 29. Kxg2 Rxc2 30. Rb1 Rgc8 31. Kf3 Rd2 32. Rh1 Rcc2 33. Rh2
Rxb2 34. Rbh1 Kg8 35. Rxh7 Rxf2+ 36. Ke3 Rxa2 37. d5 exd5 38. Kd4 Kf8 39. Ke5
Ke7 40. Kxd5 Rad2+ 41. Kc5 Rf3 42. R1h6 Rc3+ 43. Kb4 Rc4+ 44. Kb3 a5 45. Ra6
Rd3+ 46. Kb2 a4 47. Ra7+ Rd7 48. Ra5 Rb7 49. Rh6 Rg4 50. Rc6 Rxg3 51. Rc5 f4
52. Re5+ Kf6 53. Raxb5 Rxb5+ 54. Rxb5 f3 55. Rb4 a3+ 56. Ka2 Kf5 57. Rb5+ Kg4
58. Rb4+ Kh3 0-1

[Event "XVIII Festival A"]
[Site "Robecchetto con Induno ITA"]
[Date "2007.12.29"]
[Round "4"]
[White "Barlocco, Carlo"]
[Black "Marinone, Lucio"]
[Result "1/2-1/2"]
[WhiteElo "2134"]
[BlackElo "2015"]
[PlyCount "120"]
[EventDate "2007.12.27"]

1. c4 e5 2. b3 d6 3. Bb2 f5 4. Nf3 Nf6 5. d4 e4 6. Nfd2 e3 7. fxe3 Ng4 8. Nf3
Nxe3 9. Qd3 Qe7 10. Nc3 f4 11. Nd5 Bf5 12. Qxe3 fxe3 13. Nxe7 Bxe7 14. Bc1 Nc6
15. Bxe3 Nb4 16. Kd2 Nc2 17. Rc1 Nxe3 18. Kxe3 g5 19. h3 g4 20. hxg4 Bxg4 21.
Kf2 O-O 22. g3 Rae8 23. Bh3 h5 24. Rc2 Bf6 25. Kg2 Bxf3+ 26. exf3 Bxd4 27. Rd1
Bf6 28. Bf5 Re5 29. Be4 b6 30. Rd5 Kg7 31. Rxe5 dxe5 32. c5 Rf7 33. cxb6 cxb6
34. Rc6 Re7 35. Kh3 Kf7 36. Rc8 Rd7 37. Bf5 Re7 38. Bd3 Kg7 39. Bc4 Kh6 40. Rg8
Kh7 41. g4 hxg4+ 42. Kxg4 Rg7+ 43. Rxg7+ Bxg7 44. Kf5 Kh6 45. Bd5 Kh5 46. Be4
Kh6 47. Ke6 Kg5 48. Kd6 Bf6 49. Kc7 Be7 50. Kb7 Bc5 51. Kxa7 b5+ 52. Ka6 b4 53.
Ka5 Kf6 54. Bd5 Ke7 55. a3 bxa3 56. b4 Kd6 57. Bc4 Bd4 58. Ka4 Bb2 59. Kb5 Kc7
60. Kc5 Bd4+ 1/2-1/2

[Event "XVIII Festival A"]
[Site "Robecchetto con Induno ITA"]
[Date "2007.12.29"]
[Round "4"]
[White "Battistella, Gianmaria"]
[Black "Virzi, Ettore"]
[Result "0-1"]
[WhiteElo "1739"]
[BlackElo "1956"]
[PlyCount "127"]
[EventDate "2007.12.27"]

1. d4 Nf6 2. Nf3 g6 3. Bf4 Bg7 4. Nc3 d6 5. h3 c6 6. e3 Qa5 7. Qd2 Nbd7 8. a3
O-O 9. b4 Qc7 10. e4 e5 11. dxe5 Nxe5 12. Nxe5 dxe5 13. Bh2 Be6 14. Bd3 Rfd8
15. Qe3 Nh5 16. Ne2 Qb6 17. Rd1 Qxe3 18. fxe3 f5 19. exf5 gxf5 20. Ng3 Nxg3 21.
Bxg3 e4 22. Be2 Bc3+ 23. Kf2 Bf6 24. Rd6 Rxd6 25. Bxd6 a5 26. Rd1 axb4 27. Bxb4
Rd8 28. c4 Rxd1 29. Bxd1 Bxc4 30. Bh5 Kg7 31. Be8 Be5 32. Be7 Bd5 33. g3 Be6
34. a4 Bc7 35. Kg2 Bb3 36. Bd7 Bxa4 37. Bxf5 Bc2 38. h4 h6 39. g4 Kf7 40. Bc5
b6 41. Bd4 c5 42. Bb2 Bd8 43. h5 Bf6 44. Bc1 Bc3 45. Kg3 Kf6 46. Ba3 Bd3 47.
Bh7 Be5+ 48. Kf2 Kg5 49. Bf5 Bf6 50. Ke1 Kh4 51. Kf2 Be5 52. Kg2 Bd6 53. Bb2
Kg5 54. Kf2 b5 55. Ke1 b4 56. Kf2 c4 57. Bd4 c3 58. Ke1 c2 59. Bb2 Be7 60. Kd2
Kh4 61. Kc1 Bg5 62. Kd2 Kg3 63. Be5+ Kf3 64. Bb2 0-1

[Event "XVIII Festival A"]
[Site "Robecchetto con Induno ITA"]
[Date "2007.12.29"]
[Round "4"]
[White "Bernasconi, Roberto"]
[Black "Cereda, Loris"]
[Result "0-1"]
[WhiteElo "1940"]
[BlackElo "2052"]
[PlyCount "140"]
[EventDate "2007.12.27"]

1. e4 e5 2. Nf3 Nc6 3. Nc3 Nf6 4. d4 exd4 5. Nxd4 Bb4 6. Nxc6 bxc6 7. Bd3 d5 8.
exd5 cxd5 9. O-O O-O 10. Bg5 c6 11. Na4 Bd6 12. c4 Be5 13. Qc2 h6 14. Bd2 Qd6
15. g3 Be6 16. a3 dxc4 17. Be2 Bd5 18. Rfd1 Qe6 19. Rac1 Qh3 20. Bf1 Qg4 21.
Bxc4 Be4 22. Qb3 Rab8 23. Qe3 Rfd8 24. Be2 Qf5 25. Bc3 Nd5 26. Qc5 Bc2 27. Bxe5
Bxd1 28. Bxb8 Bxe2 29. Qc2 Qxc2 30. Rxc2 Bb5 31. Bxa7 Bxa4 32. Rc4 Bb5 33. Rc1
Ra8 34. Bc5 f5 35. h4 Kf7 36. Re1 Re8 37. Ra1 Ba4 38. Kg2 Rb8 39. b4 Re8 40.
Kf3 Re4 41. Rc1 Bb5 42. Ra1 Nc3 43. Be3 Ke6 44. Rc1 Rc4 45. Re1 Kd5 46. h5 Re4
47. Rc1 Be2+ 48. Kg2 Rc4 49. f3 Nd1 50. Bf4 Rxc1 51. Bxc1 Ke6 52. a4 Kf6 53. a5
g6 54. Bxh6 gxh5 55. Bd2 Ke6 56. f4 Kd7 57. Kh3 Nf2+ 58. Kh4 Ne4 59. Be1 Kc7
60. Kh3 Kb7 61. Kg2 Ka6 62. Kg1 Kb5 63. Kg2 Nf6 64. Kf2 Bc4 65. Ke3 Nd5+ 66.
Kd4 Nxb4 67. Bxb4 Kxb4 68. Ke5 Kxa5 69. Kxf5 Bg8 70. Kg6 c5 0-1

[Event "XVIII Festival A"]
[Site "Robecchetto con Induno ITA"]
[Date "2007.12.29"]
[Round "4"]
[White "Bianchi, Alberto"]
[Black "D'Apa, Stefano"]
[Result "0-1"]
[WhiteElo "2014"]
[BlackElo "2140"]
[PlyCount "66"]
[EventDate "2007.12.27"]

1. e4 e6 2. Nf3 d5 3. Nc3 Nf6 4. Qe2 Be7 5. g3 c5 6. exd5 exd5 7. Bg2 Nc6 8.
O-O Bg4 9. Qb5 Qd7 10. Qa4 d4 11. Nb1 O-O 12. d3 Bh3 13. Bf4 Bxg2 14. Kxg2 Nd5
15. Bg5 Bxg5 16. Nxg5 b5 17. Qxb5 Rab8 18. Qxc5 Rxb2 19. Nd2 Nc3 20. Nc4 Rb5
21. Qxb5 Nxb5 22. f3 Nc3 23. Ne4 Re8 24. Rae1 Nd5 25. Nc5 Qd8 26. Nb7 Qb8 27.
Rxe8+ Qxe8 28. Kf2 Qb8 29. Re1 Ne3 30. Nbd6 h5 31. c3 Nxc4 32. Re8+ Qxe8 33.
Nxe8 dxc3 0-1

[Event "XVIII Festival A"]
[Site "Robecchetto con Induno ITA"]
[Date "2007.12.29"]
[Round "4"]
[White "Brunetti, Alessandro"]
[Black "D'Apa, Matteo"]
[Result "1/2-1/2"]
[WhiteElo "2002"]
[BlackElo "2085"]
[PlyCount "133"]
[EventDate "2007.12.27"]

1. e4 e5 2. Nf3 Nc6 3. Bc4 Bc5 4. c3 Nf6 5. d4 exd4 6. cxd4 Bb4+ 7. Bd2 Bxd2+
8. Nbxd2 d5 9. exd5 Nxd5 10. Qb3 Nce7 11. a4 a5 12. O-O O-O 13. Rfe1 c6 14.
Rad1 Rb8 15. Ne5 Be6 16. Qf3 b5 17. axb5 cxb5 18. Ba2 Rb6 19. Ne4 f6 20. Nd3
Bf7 21. Nec5 Qc8 22. Nf4 Rd6 23. Rc1 Qa8 24. Nfe6 Rc8 25. Nxg7 Kxg7 26. Qg3+
Ng6 27. Qxd6 Ndf4 28. Ne4 Qxe4 29. f3 Rxc1 30. fxe4 Rxe1+ 31. Kf2 Re2+ 32. Kf3
Bxa2 33. g3 Rxb2 34. gxf4 Bf7 35. f5 Nf8 36. h4 Rb3+ 37. Kf2 a4 38. e5 fxe5 39.
dxe5 Rb2+ 40. Ke1 Rb3 41. Qf6+ Kg8 42. e6 Bxe6 43. fxe6 Re3+ 44. Kd2 Rxe6 45.
Qg5+ Rg6 46. Qxb5 Kg7 47. Qxa4 Rf6 48. Qa7+ Kg6 49. Qg1+ Kf7 50. Qg3 Ng6 51. h5
Ne7 52. Qb3+ Kg7 53. Qb7 Re6 54. Qc7 Kf7 55. Qc4 Ng8 56. Qd5 Nf6 57. Qf5 Rd6+
58. Ke1 Rd5 59. Qf4 Rxh5 60. Qc7+ Kg6 61. Qc2+ Rf5 62. Qg2+ Kh6 63. Qh2+ Kg5
64. Qd2+ Rf4 65. Qg2+ Ng4 66. Qd5+ Rf5 67. Qg8+ 1/2-1/2

[Event "XVIII Festival A"]
[Site "Robecchetto con Induno ITA"]
[Date "2007.12.29"]
[Round "4"]
[White "Caloni, Ugo"]
[Black "Brugo, Marco"]
[Result "0-1"]
[WhiteElo "2155"]
[BlackElo "2104"]
[PlyCount "64"]
[EventDate "2007.12.27"]

1. d4 e6 2. c4 f5 3. Nf3 Nf6 4. g3 Be7 5. Bg2 d6 6. O-O O-O 7. b3 Ne4 8. Nbd2
Bf6 9. Bb2 Nc6 10. e3 Nxd2 11. Nxd2 Qe8 12. Re1 e5 13. Rb1 Nb4 14. a3 Nd3 15.
Re2 Nxb2 16. Rxb2 Qg6 17. dxe5 dxe5 18. Rb1 c6 19. Qc2 Qh5 20. Bf3 Qf7 21. c5
Be6 22. b4 Rad8 23. Ree1 Rd7 24. Be2 f4 25. exf4 exf4 26. Ne4 fxg3 27. hxg3 Bd4
28. Rf1 Bd5 29. Kg2 Bxf2 30. Rbc1 Qg6 31. Bf3 Rxf3 32. Kxf3 Qxg3+ 0-1

[Event "XVIII Festival A"]
[Site "Robecchetto con Induno ITA"]
[Date "2007.12.29"]
[Round "4"]
[White "Cardani, Roberto"]
[Black "Madaschi, Sergio"]
[Result "0-1"]
[WhiteElo "1923"]
[BlackElo "1632"]
[PlyCount "96"]
[EventDate "2007.12.27"]

1. e4 e5 2. Nf3 Nc6 3. Bb5 a6 4. Ba4 Nf6 5. O-O Be7 6. Re1 b5 7. Bb3 d6 8. c3
O-O 9. h3 Na5 10. Bc2 c5 11. d4 Bb7 12. Nbd2 Qc7 13. Nf1 Nc4 14. Ng3 g6 15. Qe2
Rfe8 16. d5 Bf8 17. a4 Nb6 18. axb5 c4 19. bxa6 Rxa6 20. Rxa6 Bxa6 21. Be3 Rb8
22. Ra1 Bb5 23. Nd2 Nbd7 24. Qf3 Bg7 25. Ra7 Qc8 26. Bg5 h6 27. Bh4 Qc5 28.
Rxd7 Nxd7 29. Ne2 Ba6 30. b4 cxb3 31. Nxb3 Qc4 32. Nbc1 Rb2 33. Bd3 Qa4 34.
Bxa6 Qxa6 35. Nd3 Qa1+ 36. Ndc1 Rxe2 37. Qxe2 Qxc1+ 38. Kh2 Qxc3 39. Qb5 Nf6
40. Qb8+ Kh7 41. Bxf6 Bxf6 42. Qxd6 Kg7 43. Qb8 Qd2 44. f3 Qf4+ 45. g3 Qd2+ 46.
Kg1 Qe1+ 47. Kg2 Qe2+ 48. Kg1 Qxf3 0-1

[Event "XVIII Festival A"]
[Site "Robecchetto con Induno ITA"]
[Date "2007.12.29"]
[Round "4"]
[White "Fizzotti, Mario"]
[Black "Autino, Massimiliano"]
[Result "0-1"]
[WhiteElo "1843"]
[BlackElo "1827"]
[PlyCount "70"]
[EventDate "2007.12.27"]

1. d4 d6 2. Nf3 Nd7 3. c4 e5 4. Nc3 c6 5. e4 Ngf6 6. Bd3 Be7 7. O-O O-O 8. Qe2
Re8 9. Rd1 Qc7 10. h3 Bf8 11. Be3 exd4 12. Nxd4 Nc5 13. f3 Ne6 14. Qf2 b6 15.
Rac1 Nxd4 16. Bxd4 Be7 17. f4 Nd7 18. b4 Qd8 19. e5 dxe5 20. Bxe5 Bxb4 21. Qg3
Bc5+ 22. Kh1 f6 23. Bf5 fxe5 24. Qg4 Bd4 25. Be6+ Kh8 26. Ne4 Nf6 27. Ng5 Rxe6
28. Nf7+ Kg8 29. Nxd8 Nxg4 30. Nxe6 Nf2+ 31. Kh2 Nxd1 32. Nc7 Rb8 33. Rxd1 Rb7
34. Ne8 Rd7 35. fxe5 Bxe5+ 0-1

[Event "XVIII Festival A"]
[Site "Robecchetto con Induno ITA"]
[Date "2007.12.29"]
[Round "4"]
[White "Garbarini, Cristiano"]
[Black "Agrifoglio, Fabio"]
[Result "1/2-1/2"]
[WhiteElo "1817"]
[BlackElo "1989"]
[PlyCount "104"]
[EventDate "2007.12.27"]

1. d4 d5 2. e4 e6 3. Nc3 dxe4 4. f3 Bb4 5. a3 Ba5 6. b4 Bb6 7. Be3 e5 8. Nxe4
exd4 9. Bg5 f6 10. Bf4 Ne7 11. Bc4 Ng6 12. Ne2 Ne5 13. Bxe5 fxe5 14. Qd2 Qe7
15. c3 Nc6 16. a4 Be6 17. Bxe6 Qxe6 18. a5 dxc3 19. Qxc3 Bd4 20. Nxd4 exd4 21.
Qc5 Qe7 22. Qxe7+ Nxe7 23. Nc5 O-O-O 24. O-O-O Rd5 25. Nd3 Nc6 26. Kc2 Re8 27.
Rhe1 Rxe1 28. Rxe1 Kd8 29. Kb3 a6 30. Kc4 Rb5 31. Re6 Kd7 32. Re4 Kd6 33. Rf4
h6 34. h4 Ke7 35. g4 g5 36. hxg5 hxg5 37. Re4+ Kd6 38. f4 gxf4 39. Rxf4 Ne5+
40. Nxe5 Kxe5 41. Rf8 Ke4 42. Rd8 Kf3 43. Rxd4 Rg5 44. Rd7 Rxg4+ 45. Kc3 Rg1
46. Kb2 Rg5 47. Rxc7 Rb5 48. Kc3 Ke4 49. Kc4 b6 50. Re7+ Kf5 51. axb6 Rxb6 52.
Ra7 Ke5 1/2-1/2

[Event "XVIII Festival A"]
[Site "Robecchetto con Induno ITA"]
[Date "2007.12.29"]
[Round "4"]
[White "Griffa, Roberto"]
[Black "Raineri, Pieroberto"]
[Result "1/2-1/2"]
[WhiteElo "2108"]
[BlackElo "1614"]
[PlyCount "33"]
[EventDate "2007.12.27"]

1. d4 Nf6 2. Nc3 d5 3. e4 dxe4 4. f3 e3 5. Bxe3 e6 6. Bd3 Nc6 7. Nge2 Nb4 8.
Bc4 Be7 9. a3 Nbd5 10. Bf2 Bd7 11. O-O O-O 12. Qd2 a6 13. Bd3 b5 14. Ne4 Nh5
15. g3 Bc6 16. Nc5 Nb6 17. Qe3 1/2-1/2

[Event "XVIII Festival A"]
[Site "Robecchetto con Induno ITA"]
[Date "2007.12.29"]
[Round "4"]
[White "La Torre, Giovanni"]
[Black "Di Chiara, Mauro"]
[Result "1-0"]
[WhiteElo "2070"]
[BlackElo "1747"]
[PlyCount "81"]
[EventDate "2007.12.27"]

1. Nf3 d6 2. g3 c5 3. Bg2 Nf6 4. c4 Nc6 5. O-O g6 6. d3 Bg7 7. Nc3 O-O 8. a3
Bg4 9. h3 Bd7 10. Rb1 Qc8 11. Kh2 Ne8 12. Qc2 Nd4 13. Nxd4 cxd4 14. Nd1 Bc6 15.
e4 e5 16. b4 b5 17. Nb2 a6 18. Bg5 Qb7 19. Qe2 h6 20. Bd2 f5 21. Rbc1 Nf6 22.
f3 Nh5 23. Rc2 f4 24. gxf4 Nxf4 25. Bxf4 exf4 26. Rfc1 Rac8 27. Nd1 Bd7 28. Nf2
h5 29. Rg1 Bf6 30. Rgc1 Be6 31. c5 Be5 32. cxd6 Rxc2 33. Rxc2 Qd7 34. h4 Qxd6
35. Bh3 Bxh3 36. Nxh3 Rf7 37. Ng5 Qd8 38. Rc6 Rf6 39. Qa2+ Kh8 40. Rxf6 Qxf6
41. Qf7 1-0

[Event "XVIII Festival A"]
[Site "Robecchetto con Induno ITA"]
[Date "2007.12.29"]
[Round "4"]
[White "Marchesotti, Giovanni"]
[Black "Colombo, Sandro"]
[Result "1/2-1/2"]
[WhiteElo "1668"]
[BlackElo "1868"]
[PlyCount "35"]
[EventDate "2007.12.27"]

1. c4 e5 2. Nc3 Nf6 3. Nf3 Nc6 4. g3 d5 5. cxd5 Nxd5 6. Bg2 Nb6 7. d3 Be7 8.
O-O g5 9. h3 g4 10. hxg4 Bxg4 11. Ne4 Qd7 12. Be3 h5 13. Qd2 O-O-O 14. Bg5 Bxf3
15. Bxf3 Bxg5 16. Qxg5 Rdg8 17. Qh4 Nd5 18. Rac1 1/2-1/2

[Event "XVIII Festival A"]
[Site "Robecchetto con Induno ITA"]
[Date "2007.12.29"]
[Round "4"]
[White "Pepa, Syrja"]
[Black "Ronconi, Fausto"]
[Result "1/2-1/2"]
[WhiteElo "1828"]
[BlackElo "1720"]
[PlyCount "127"]
[EventDate "2007.12.27"]

1. d4 d5 2. c4 e6 3. Nc3 Nf6 4. e3 Be7 5. Nf3 O-O 6. Bd3 dxc4 7. Bxc4 Nbd7 8.
O-O b6 9. b3 Bb7 10. Bb2 c5 11. Rc1 cxd4 12. Nxd4 Ne5 13. Be2 Rc8 14. Qd2 Nc6
15. Bf3 Nxd4 16. Qxd4 Qxd4 17. exd4 Bxf3 18. gxf3 Rfd8 19. Ne4 Nd5 20. Rfd1 Nf4
21. Kf1 Rxc1 22. Bxc1 Ng6 23. Be3 h6 24. Rc1 e5 25. dxe5 Nxe5 26. Rc7 Rd7 27.
Rxd7 Nxd7 28. Bd4 f5 29. Nc3 Kf7 30. Nb5 a6 31. Nc7 a5 32. Nd5 Bd8 33. Ke2 g5
34. Kd3 Ke6 35. Ne3 Ne5+ 36. Ke2 Nc6 37. Bc3 b5 38. Kd3 h5 39. h3 Ne5+ 40. Ke2
a4 41. bxa4 bxa4 42. Bb4 Bb6 43. Bf8 Ng6 44. Nc4 Bd4 45. Ba3 Nf4+ 46. Kf1 Nxh3
47. Nb2 Bxb2 48. Bxb2 Kd5 49. Bf6 g4 50. Kg2 Nf4+ 51. Kg3 Nd3 52. fxg4 hxg4 53.
f3 Nc5 54. Bb2 gxf3 55. Kxf3 Nd3 56. Bg7 Nb4 57. a3 Nc2 58. Bf8 Kc4 59. Kf4 Kb3
60. Kxf5 Nxa3 61. Ke4 Nc2 62. Kd3 Nb4+ 63. Bxb4 Kxb4 64. Kc2 1/2-1/2